000 00913cad a22002415a 4500
001 L158743
008 121219e2015 xxk 000 0 eng d
035 _a(Sirsi) u158743
041 0 _aeng
100 1 _aEden, Stacy
245 0 0 _aGiving a different account
_h[electronic resource]
260 _c2015
490 _aRICS Property Journal
_vJuly-August 2015, 18-19(2)
520 _aExplains how changes to financial reporting will have a significant impact on property business accounts.
650 2 4 _aFINANCIAL REPORTING STANDARD 102
650 2 4 _aUK GENERALLY ACCEPTED ACCOUNTING PRACTICE
650 2 4 _aACCOUNTING STANDARDS
651 4 _aUnited Kingdom
_y
690 _aBusiness and management
710 _aRoyal Institution of Chartered Surveyors
_94900
856 4 0 _uhttps://www.rics.org/uk/news/journals/property-journal
_zView the journal free of charge at www.rics.org/journals...
942 _n0
999 _c84677
_d84677